书目信息 |
| 题名: |
中国共产党第十五次全国代表大会文件汇编
|
|
| 作者: | ||
| 分册: | ||
| 出版信息: | 北京 人民出版社 1997 |
|
| 页数: | 150页 | |
| 开本: | 20cm | |
| 丛书名: | ||
| 单 册: | ||
| 中图分类: | D220 | |
| 科图分类: | 33.12426 | |
| 主题词: | ||
| 电子资源: | ||
| ISBN: | 7-01-002712-9 | |
| 000 | 00640nam0 2200217 45 | |
| 001 | 0198006837 | |
| 005 | 20070710101054.68 | |
| 010 | @a7-01-002712-9@dCNY6.20 | |
| 100 | @a19980122d1997 em y0chiy0121 ea | |
| 101 | 0 | @achi |
| 102 | @aCN@b110000 | |
| 105 | @ay z 000yy | |
| 200 | 10 | @a中国共产党第十五次全国代表大会文件汇编@Azhong guo gong chan dang di shi wu ci quan guo dai biao da hui wen jian hui bian |
| 210 | @a北京@c人民出版社@d1997 | |
| 215 | @a150页@d20cm | |
| 601 | 12 | @a中共十五大(1997)@x文件@x汇编 |
| 610 | 2 | @a十五大 |
| 690 | @aD220@v3 | |
| 692 | @a33.12426@v2 | |
| 801 | 0 | @aCN@bTSSF@c20070710 |
| 905 | @a10447@dD220@e128 | |
| 中国共产党第十五次全国代表大会文件汇编.-北京:人民出版社,1997 |
| 150页;20cm |
| ISBN 7-01-002712-9:CNY6.20 |
| ● |
| 相关链接 |
|
|
|
|
正题名:中国共产党第十五次全国代表大会文件汇编
索取号:D220/128
 
预约/预借
| 序号 | 登录号 | 条形码 | 馆藏地/架位号 | 状态 | 备注 |
| 1 | 0765190 | 207651904 | 第一样本阅览室/ [索取号:D220/128] | 在馆 |